AÇ GÖZLÜ TURNA BALIĞI (Record no. 709969)

MARC details
000 -LEADER
sabit uzunluktaki kontrol alanı 00250nam a2200097Ia 4500
001 - KONTROL NUMARASI
kontrol alanı 709969
005 - EN SON İŞLEMİN TARİH VE ZAMANI
kontrol alanı 20250826162740.0
008 - SABİT-UZUNLUKTA VERİ ÖĞELERİ--GENEL BİLGİ
sabit uzunluktaki kontrol alanı 250824s9999 xx 000 0 und d
245 #0 - ESER / YAZAR
ESER ADI AÇ GÖZLÜ TURNA BALIĞI
Yazar Adı ANGEL KARALİYÇEV
260 ## - YAYIN, DAĞITIM, VB.
YAYIN EVİ CAN YAYINLARI
Holdings
Düşüm durumu Kayıp durumu Hasar Durumu Ödünç verilmez Ana kütüphane Geçerli Kütüphane Edinilen tarih Toplam ödünç verme sayısı Barkod İade tarihi Son görüntüleme tarihi Son ödünç verme tarihi Fiyatın geçerli olmaya başladığı tarih Koha materyal türü
        CAHİT ZARİFOĞLU İLKOKULU CAHİT ZARİFOĞLU İLKOKULU 24.08.2025 1 10273036 24.04.2026 09.04.2026 09.04.2026 26.08.2025 Books